| 000 | 00633nam a2200217Ia 4500 | ||
|---|---|---|---|
| 003 | BUBTL | ||
| 008 | 151213s9999 xx 000 0 und d | ||
| 020 | _a9780136085430 | ||
| 082 | _a658.848/ M2948m/ 2011 | ||
| 100 |
_aNaresh K. Malhotra _92660 |
||
| 245 |
_aMarketing Research : An Applied Orientation _cNaresh K. Malhotra |
||
| 250 | _a3rd | ||
| 260 |
_bPrentic Hall _c2011 |
||
| 300 |
_a[xxvii], 948p . : _bill, Table, Graph ; 28cm. |
||
| 500 | _aIncludes Index. | ||
| 650 |
_aMarketing _92661 |
||
| 700 |
_aNaresh K. Malhotra _92660 |
||
| 856 |
_k0 _l0 _yDownload |
||
| 942 |
_2ddc _cBK |
||
| 999 |
_c1185 _d1185 |
||